Selecció Catalana de Futbol : nou dècades d'història / Antoni Closa, Jaume Rius nou dècades d'història / Antoni Closa, Jaume Rius
Descripción Física:
160 p. : fot. ; 23 cm
Otros Autores:
Rius, Jaume
MARC
| LEADER | 00000nam a2200000Ia 4500 | ||
|---|---|---|---|
| 001 | 19284 | ||
| 008 | 160829s1999 xx 000 0 cat d | ||
| 080 | |a P-1-74 | ||
| 100 | |a Closa, Antoni |9 45626 | ||
| 245 | |a Selecció Catalana de Futbol : |b nou dècades d'història / Antoni Closa, Jaume Rius | ||
| 260 | |a [Barcelona] : |b Jaume Rius, |c 1999 | ||
| 300 | |a 160 p. : |b fot. ; |c 23 cm | ||
| 590 | |a Amb el suport de la Diputació de Barcelona | ||
| 650 | |a Futbol |x Catalunya |x Història |9 45627 | ||
| 650 | |a Selecció Catalana de Futbol |x Història |9 45628 | ||
| 700 | |a Rius, Jaume |9 45629 | ||
| 901 | |a Arxiu | ||
| 942 | |n 1 | ||
| 952 | |0 0 |1 0 |4 0 |6 P174 |7 1 |9 52740 |a Arxiu |b Arxiu |d 2016-12-01 |l 0 |o P-1-74 |p 19284 |r 2016-12-01 00:00:00 |w 2016-12-01 |y ARXIU | ||
| 999 | |c 56589 |d 56589 | ||